<?xml version="1.0" encoding="UTF-8"?>
<collection xmlns="http://www.loc.gov/MARC21/slim">
 <record>
  <leader>00888pamaa2200253   4500</leader>
  <controlfield tag="001">0000048794</controlfield>
  <controlfield tag="005">20121206090000.0</controlfield>
  <controlfield tag="008">110218                             eng  </controlfield>
  <datafield tag="020" ind1="0" ind2="0">
   <subfield code="a">9780393934472 </subfield>
  </datafield>
  <datafield tag="090" ind1="0" ind2="0">
   <subfield code="a">QR41.2 </subfield>
   <subfield code="b">SLO 2011</subfield>
  </datafield>
  <datafield tag="100" ind1="1" ind2="0">
   <subfield code="a">Slonczewski </subfield>
  </datafield>
  <datafield tag="245" ind1="1" ind2="0">
   <subfield code="a">Microbiology : </subfield>
   <subfield code="b">an evolving science  </subfield>
   <subfield code="c">Joan L. Slonczewski, John W. Foster; </subfield>
   <subfield code="f">appendices and glossary by Kathy M. Gillen.</subfield>
  </datafield>
  <datafield tag="250" ind1="0" ind2="0">
   <subfield code="a">2nd ed.</subfield>
  </datafield>
  <datafield tag="260" ind1="0" ind2="0">
   <subfield code="a">New York: </subfield>
   <subfield code="b">W.W. Norton &amp; Co., </subfield>
   <subfield code="c">2011.</subfield>
  </datafield>
  <datafield tag="300" ind1=" " ind2=" ">
   <subfield code="a">xxxiv, 1097: </subfield>
   <subfield code="b">ill.; </subfield>
   <subfield code="c">26 cm.</subfield>
  </datafield>
  <datafield tag="501" ind1="0" ind2="0">
   <subfield code="a">AUP</subfield>
  </datafield>
  <datafield tag="504" ind1="0" ind2="0">
   <subfield code="a">Includes bibliographical references and index</subfield>
  </datafield>
  <datafield tag="650" ind1="0" ind2="0">
   <subfield code="a">Microbiology -- </subfield>
   <subfield code="x">Textbooks </subfield>
  </datafield>
  <datafield tag="650" ind1="0" ind2="0">
   <subfield code="a">Anti-Infective Agents -- </subfield>
   <subfield code="x">therapeutic use </subfield>
  </datafield>
  <datafield tag="650" ind1="0" ind2="0">
   <subfield code="a">Bacterial Infections -- </subfield>
   <subfield code="x">drug therapy </subfield>
  </datafield>
  <datafield tag="650" ind1="0" ind2="0">
   <subfield code="a">Microbiological Phenomenai </subfield>
  </datafield>
  <datafield tag="650" ind1="0" ind2="0">
   <subfield code="a">Genetics -- </subfield>
   <subfield code="x">Microbial </subfield>
  </datafield>
  <datafield tag="700" ind1="1" ind2="1">
   <subfield code="a">Foster, </subfield>
   <subfield code="h">John Watkins </subfield>
  </datafield>
  <datafield tag="901" ind1=" " ind2=" ">
   <subfield code="u">www.norton.com</subfield>
  </datafield>
 </record>
</collection>
